Kruhy na vode 2012 7. ročník súťaže remeselného dizajnu

Podrobná bibliografia
Korporatívny autor: Kruhy na vode Bratislava, Slovensko
Ďalší autori: Simoník, Peter (Fotograf), Kleinová, Viera, 1970- (Kurátor), Hoffmanová, Andrea (Prekladateľ)
Médium: Konferenčný príspevok Kniha
Jazyk:slovenčina
angličtina
Fyzický popis:107 s. fotogr. 21 cm
Vydavateľské údaje: Bratislava Ústredie ľudovej umeleckej výroby 2012
ISBN:9788088852995 (brož.)
Predmet:

MARC

LEADER 00000cam a2200000 a 4500
001 vtls010484500
003 SK-MaSNL
005 20260301183253.0
008 130122s2012 xo o g c 001 0 slo
015 |a SNBE2013 
020 |a 9788088852995 (brož.) 
040 |a SNK  |b slo  |c SNK  |e AACR2 
041 1 |a slo  |a eng  |h slo 
044 |a xo  |c SK 
072 7 |a 74  |x Kresba. Umelecké remeslá  |2 konspekt 
080 |a 745/749  |2 2001 
080 |a 7.05  |2 2001 
080 |a (083.824)  |2 2001 
111 2 |a Kruhy na vode  |n (7. :  |d 2012 :  |c Bratislava, Slovensko)  |9 558317 
245 1 0 |a Kruhy na vode 2012  |b 7. ročník súťaže remeselného dizajnu  |c organizátor: Ústredie ľudovej umeleckej výroby Bratislava  |c [koncepcia katalógu Viera Kleinová, Peter Simoník, Mária Tomová ; kurátorka výstavy Viera Kleinová ; foto Peter Simoník ; anglický preklad: Andrea Hoffmannová] 
246 1 4 |a Rings in water 2012 
246 1 4 |a Kruhy na vode 2012 
246 3 |a Siedmy ročník súťaže remeselného dizajnu 
246 3 |a Seventh competition for crafts-oriented design 
260 |a Bratislava  |b Ústredie ľudovej umeleckej výroby  |c 2012 
300 |a 107 s.  |b fotogr.  |c 21 cm 
504 |a Obsahuje register 
546 |a Súbežný názov a text v angličtine 
611 2 7 |a Kruhy na vode  |n (7. :  |d 2012 :  |c Bratislava, Slovensko)  |2 SVKBBKA  |9 558317 
650 0 7 |a umelecké remeslá  |2 SNKPH  |9 3094 
650 0 7 |a Handicrafts  |2 SNKPHeng  |9 270743 
650 0 7 |a Design  |2 SNKPHeng  |9 267116 
650 0 7 |a Art handicrafts  |2 SNKPHeng  |9 276215 
650 0 7 |a dizajn  |2 SNKPH  |9 762 
655 7 |a katalógy výstav  |2 SNKPH  |9 70445 
655 7 |a Exhibitions catalogs  |2 SNKPHeng  |9 414203 
700 1 |a Tomová, Mária  |4 oth  |9 558318 
700 1 |a Simoník, Peter  |4 pht  |4 oth  |9 374281 
700 1 |a Kleinová, Viera,  |d 1970-  |4 cur  |4 oth  |9 341748 
700 1 |a Hoffmanová, Andrea  |4 trl  |9 558319 
710 2 |a Ústredie ľudovej umeleckej výroby (Bratislava, Slovensko)  |4 pbl  |9 33060 
919 |a 978-80-88852-99-5 
958 |a OP 
999 |c 856397  |d 858327 
952 |a SNK  |b SNK  |y PREZ  |7 0  |p 17A1066971  |o snkOSC 26471  |i snk2013/8913  |8 0  |0 0  |1 0  |4 0  |d 2013-04-18  |l 0  |r 2026-02-24 04:57:18  |w 2026-02-24 
952 |a SNK  |b SNK  |y VYP  |7 0  |p 17A1066972  |o snkOSC 26471 D1  |i snk2013/8914  |8 0  |0 0  |1 0  |4 0  |d 2013-04-18  |l 0  |r 2026-02-24 04:57:18  |w 2026-02-24